000 00771nam a2200253Ia 4500
003 OSt
005 20220926000437.0
006 a|||||r|||| 00| 0
007 ta
008 220923b |||||||| |||| 00| 0 eng d
037 _cGeneral Book
040 _aRTL
_cRTL
_beng
041 _2eng
_aeng
082 _aY:434:6.2.N8, M8
100 _aSingh Jaideep
_9302590
245 0 _aManaging poverty alleviation
_b Insights from the field
260 _a New Delhi
_bIIPA
_c1988
300 _axiv,249p
_ccm.
490 _aIndian Institute of Public Administration, Case studies series.10
650 _aPoverty
700 _a Tiwari R K
_9105088
942 _hY:434:6.2.N8, M8
_cGB
_2CC
999 _c599054
_d599054